000 00682nam a22001937a 4500
005 20251108164959.0
008 250721s2009 xx 000 0 ara d
082 1 4 _a339.5/داو
100 1 _aداود، حسام الدين علي
_eمؤلف
245 1 0 _aالمبادئ الحديثة في الإقتصاد الكلي ( مع التطبيق على الإقتصاد الأردني ) /
264 1 _aعمان :
_bالمؤلف،
_c2009.
300 _a348ص.
650 1 7 _aالاقتصاد
650 1 7 _aالاقتصاد الكلي
650 1 7 _aالحسابات القوميه
700 1 _aالمحتسب، بثينة محمد
_eمقدم
942 _2ddc
_cBK
999 _c18963
_d18963